| 000 | 00653nam a2200193 i 4500 | ||
|---|---|---|---|
| 001 | 160529 | ||
| 003 | ES-MaACL | ||
| 005 | 20250524063056.0 | ||
| 008 | 940301m18451846sp |||| | spa d | ||
| 040 |
_aCAM _bspa |
||
| 080 | _a821.134.2-31"18" | ||
| 100 | 1 |
_aNavarrete, Ramón de, _d1818-1897 _985042 |
|
| 245 | 1 | 0 |
_aMadrid y nuestro siglo _b: novela / _cpor Ramón de Navarrete. |
| 260 |
_aMadrid : _b[s.n.], _c1845-1846 ( _fV. de Jordán e Hijos) |
||
| 300 |
_a4 v. ; _c18 cm. |
||
| 597 | _aT. I (246 p.) -- t. II (208 p.) -- t. III (215 p.) -- t. IV (319 p.) | ||
| 852 |
_aES-MaACL _jD-328-31 _z-- Enc. hol. |
||
| 999 |
_c160529 _d160529 |
||